<?xml version="1.0" encoding="UTF-8"?>
<collection xmlns="http://www.loc.gov/MARC21/slim">
  <record>
    <leader>00000nam  2200000   4500</leader>
    <controlfield tag="001">INLIS000000000020793</controlfield>
    <controlfield tag="005">20250811032445</controlfield>
    <datafield tag="035" ind1="#" ind2="#">
      <subfield code="a">0010-0825000071</subfield>
    </datafield>
    <controlfield tag="007">ta</controlfield>
    <controlfield tag="008">250811################g##########0#ind##</controlfield>
    <datafield tag="020" ind1="#" ind2="#">
      <subfield code="a">979 461 629 X</subfield>
    </datafield>
    <datafield tag="082" ind1="#" ind2="#">
      <subfield code="a">355.475</subfield>
    </datafield>
    <datafield tag="084" ind1="#" ind2="#">
      <subfield code="a">355.475 AMB b</subfield>
    </datafield>
    <datafield tag="100" ind1=" " ind2="#">
      <subfield code="a">Ambrose, Stephen E.</subfield>
    </datafield>
    <datafield tag="245" ind1="1" ind2="#">
      <subfield code="a">Band of Brother (Ikatan Persaudaraan) :</subfield>
      <subfield code="b">Kompi E, Resimen 506, Lintas Udara 101 dari Pantai Normandia Sampa ke Sarang Elang Hitler /</subfield>
      <subfield code="c">Stephen E. Ambrose</subfield>
    </datafield>
    <datafield tag="260" ind1="#" ind2="#">
      <subfield code="a">Jakarta :</subfield>
      <subfield code="b">Yayasan Obor Indonesia,</subfield>
      <subfield code="c">2007</subfield>
    </datafield>
    <datafield tag="300" ind1="#" ind2="#">
      <subfield code="a">xxi, 425 halaman :</subfield>
      <subfield code="b">ilus ;</subfield>
      <subfield code="c">23,5 cm</subfield>
    </datafield>
    <datafield tag="650" ind1="#" ind2="4">
      <subfield code="a">Pertahanan Militer</subfield>
    </datafield>
    <datafield tag="520" ind1="#" ind2="#">
      <subfield code="a">Sepeti halnya kompi tentara lainnya di dunia, Kompi E, Divisi Lintas Udara 101, Tentara Amerika Serikat, menjalankan tugas berat-bertanggungjawab atas segala sesuatu dari terjun payung ke Prancis pagi dini hari pada Hari-H hingga pengejaran ke Sarang Elang Hitler di Berchtesgaden.&#13;
&#13;
Dalam Band of Brothers, Ambrose menceritakan para prajurit di unit pemberani ini yang bertempur, kelaparan, kedinginan, dan tewas, sebuah kompi yang layak memperoleh medali Purple Heart. Setelah melakukan wawancara berjam-jam dengan para prajurit yang masih hidup dan juga surat dan catatan ketentaraan, Stephen Ambrose menceritakan kembali kisah tersebut, seringkali mengutip kalimat para prajurit itu secara langsung.</subfield>
    </datafield>
    <datafield tag="990" ind1="#" ind2="#">
      <subfield code="a">080111069</subfield>
    </datafield>
    <datafield tag="990" ind1="#" ind2="#">
      <subfield code="a">080111070</subfield>
    </datafield>
  </record>
</collection>
